00811nam a2200241 i 4500001001000000003000900010005001700019007000300036008004100039040003100080082003000111100003800141245005000179250001800229264006000247300004500307336002800352337003300380338003000413500007600443650002400519650002600543000038119DO-SdBNP20240305122427.0ta130314s2000 ddr 000 0 sspadd aDO-SdBNPbspacBNPHUerda  4aRD861.44bL864a, 20002221 aLópez Azuán, Virgilio,d1959-10aAmor y soledades /cVirgilio López Azuán. a2a. edición aAzua, República DominicanabEdiciones Virgilioc1998. a106 páginas :bilustraciones ;c22 cm. 2rdacontent atextobtxt 2rdamediaasin mediaciónbn 2rdacarrieravolumen bnc aIncluye datos biográficos del autor en la solapa de la contracubierta 4aPoesía dominicana 4aLiteratura dominicana